Open Data Biblioteca Nacional de Portugal


República Portuguesa: Ministério da Cultura
Biblioteca Nacional de Portugal

Catálogo da BNP: acesso por Identificadores Unívocos
Registos Bibliográficos associados ao registo de autoridade

Etiqueta de registo: 00379nas 2200205 450
001 2269538
003 http://id.bnportugal.gov.pt/bib/catbnp/2269538
100 ## $a20260220b19281936m y0pory01030103ba
101 0# $apor
102 ## $aPT
106 ## $ar
110 ## $aacazz 0uu0
200 1# $a O Commercio Infantil$fdir. e propr. Bento Carqueja$gdir. literarios Estefânia Cabreira, Oliveira Cabral
207 #0 $a[A. 1, nº 1 (13 abr. 1928) - nº 286 (20 dez. 1973)]
210 #9 $a[Porto$cBento Carqueja$d1928-1973]
215 ## $d21 cm
305 ## $aFoi um suplemento destacável até 25 de abril de 1968 (a. 12, nº 6). A partir da 2ª série, com início a 9 de maio de 1968, passou a ser publicado como uma secção do título principal
317 ## $aColeção Leandro de Moraes Sarmento$5PTBN: L.M.S. 109
326 ## $aSemanal
422 #1 $1001344400$t O commercio do Porto$cPorto$bTypographia do Commercio,$d1856-2005$x0870-208X
518 1# $a O Comércio Infantil
606 ## $aLiteratura juvenil$x[Periódicos]$2SIPOR$31883993
620 ## $dPorto
675 ## $a087.5(05)$vmed$zpor$3288171
702 #1 $aCarqueja$bBento$f1860-1935$4300$395564
702 #1 $aCabreira$bEstefânia$f1891-1977$4340$318977
702 #1 $aCabral$bOliveira$f1890-1974$4340$318964
801 #0 $aPT$bBN$gRPC
966 ## $lBN$mFGREV$pBiblioteca particular Leandro de Moraes Sarmento$sL.M.S. 109 $x3
971 ## $cssilva$d20260220

OpendataBNP@bnportugal.pt | Mais informação sobre acesso aos dados BNP